| 000 | 00841nam a2200205 a 4500 | ||
|---|---|---|---|
| 003 | OSt | ||
| 005 | 20150408114120.0 | ||
| 008 | 130224s2013 ua g b 000 0 ara d | ||
| 020 | _a9789776223509 | ||
| 040 | _aMa-Un | ||
| 082 | 0 | 4 |
_a341.763 _bد ع ح _221 |
| 100 | 1 |
_921628 _aالديربي، عبد العال. |
|
| 245 | 1 | 2 |
_aالحماية الدولية لحقوق العمال في ضوء أحكام القانون الدولي : _bالتزامات حقوق الإنسان ... / _cعبد العال الديربي. |
| 250 | _aط. 1. | ||
| 260 |
_aالقاهرة : _bالمركز القومي للإصدارات القانونية، _c2013 _m[1434] |
||
| 300 | 2 |
_a459 ص. ؛ _c24 سم. |
|
| 504 | _aببليوجرافية : ص. 409-444. | ||
| 650 | 7 |
_aالعمل والعمال (قانون دولي) _2aucsh _921822 |
|
| 942 |
_2ddc _cBOOK |
||
| 999 |
_c28252 _d262752 |
||